| 000 | 00999cam a22003017a 4500 | ||
|---|---|---|---|
| 003 | CHAP | ||
| 005 | 20220329143337.0 | ||
| 008 | 071030s2006 mx a rs o00010 spa d | ||
| 010 | _a95247 | ||
| 011 | _a96219 | ||
| 020 | _a9789701349977 | ||
| 035 | _a106866 | ||
| 040 | _cCHAP | ||
| 082 | 0 | 4 |
_a312.0972 _bI58 2006 |
| 110 | 2 |
_aInstituto Nacional de Estadística, Geografía e Informática. México _959304 |
|
| 245 | 1 | 0 |
_aEstadísticas demográficas _c/por INEGI |
| 260 |
_aAguascalientes, Ags. : _bINEGI, _c2006 |
||
| 300 |
_a203 p. : _bcuadros |
||
| 590 |
_aBATCH-UPD _b10 _c20130110 _lUCH01 _h1649 |
||
| 590 |
_aBATCH-UPD _b10 _c20130410 _lUCH01 _h1039 |
||
| 590 |
_aBATCH-UPD _b10 _c20130914 _lUCH01 _h1924 |
||
| 590 |
_aCONVERSION _b10 _c20130109 _lUCH01 _h1353 |
||
| 650 | 1 | 4 |
_aPoblación _xEstadísticas _zMéxico. _989385 |
| 650 | 1 | 4 |
_aPoblación _xMéxico. _989408 |
| 901 | _aBK | ||
| 942 | _cLIBRO | ||
| 949 |
_a312.0972 I58 2006 _bBC _cINEGI _d33724002065959 _eINEGI _gDonaciØn _h109609 _i106866 _sb |
||
| 999 |
_c95247 _d95247 |
||